Mechanical Vibrations (Record no. 883)

MARC details
000 -LEADER
fixed length control field 00346nam a2200145Ia 4500
008 - FIXED-LENGTH DATA ELEMENTS--GENERAL INFORMATION
fixed length control field 191201s2005 xx 000 0 und d
082 ## - DEWEY DECIMAL CLASSIFICATION NUMBER
Classification number 620.3
Item number SIM
100 ## - MAIN ENTRY--PERSONAL NAME
Personal name SINGH, V P
245 #0 - TITLE STATEMENT
Title Mechanical Vibrations
250 ## - EDITION STATEMENT
Edition statement 3rd Rep
260 ## - PUBLICATION, DISTRIBUTION, ETC. (IMPRINT)
Place of publication, distribution, etc N.Delhi
Name of publisher, distributor, etc Dhanpat Rai Pub (P) Ltd
Date of publication, distribution, etc 2005
300 ## - PHYSICAL DESCRIPTION
Extent 516
650 ## - SUBJECT ADDED ENTRY--TOPICAL TERM
Topical term or geographic name as entry element B.Tech(ME)
942 ## - ADDED ENTRY ELEMENTS (KOHA)
Source of classification or shelving scheme Dewey Decimal Classification
Koha item type Text Books
Holdings
Withdrawn status Lost status Source of classification or shelving scheme Damaged status Not for loan Collection code Home library Current library Date acquired Source of acquisition Cost, normal purchase price Bill Number Total Checkouts Full call number Acc. no. / Barcode Date last seen Date last borrowed Bill Date Koha item type
    Dewey Decimal Classification     B.Tech(ME) PIET C-LIBRARY PIET C-LIBRARY 17/08/2006 M/s UDH , Delhi 135.00 125415 10 620.3 SIM 464 10/01/2025 27/12/2024 18/08/2005 Text Books
    Dewey Decimal Classification     B.Tech(ME) PIET C-LIBRARY PIET C-LIBRARY 17/08/2006 M/s UDH , Delhi 135.00 125415 7 620.3 SIM 465 10/01/2025 09/01/2025 18/08/2005 Text Books
    Dewey Decimal Classification     B.Tech(ME) PIET C-LIBRARY PIET C-LIBRARY 17/08/2006 M/s UDH , Delhi 135.00 125415 7 620.3 SIM 466 28/11/2024 14/11/2024 18/08/2005 Text Books

Design & Developed by: PIET Central Library
R70 Miles Stone Pattikalyana Samalkha Panipat 132102
mail ID :- [email protected], Phone No:- 0180-2569700 Ex.216